A rend és tartója. {Despre Imreh István}. [On Imreh István]

Elmentve itt :
Bibliográfiai részletek
Szerző: LÁSZLÓFFY Aladár
Adatforrás:Meister
Forrásdokumentuma:Helikon. -
2001. 8, 4.
Nyelv:magyar
Kulcsszavak:művelődéstörténet
istoria culturii
history of culture
IMREH István
LEADER 00460nab a2200157 i 4500
001 bibPRO00012226
008 080908s2001 xx hun
040 |a Sz1 
041 |a hun 
100 1 |a LÁSZLÓFFY Aladár 
245 1 2 |a A rend és tartója. {Despre Imreh István}. [On Imreh István]  |c LÁSZLÓFFY Aladár 
695 |a művelődéstörténet 
695 |a istoria culturii 
695 |a history of culture 
695 |a IMREH István 
773 0 |t Helikon. -  |g 2001. 8, 4.